00517nam a22001217a 4500008004100000082001800041245016900059260002900228300001300257942001200270999001500282952009800297230612b xxu||||| |||| 00| 0 eng d a352.4908bKEN aThe Report of the Controller and Auditor-General Together with the Appropriation Accounts Other Public Accounts and the Accounts of the Funds for the Year 2006/2007 aNairobi,KenyabGOKc2006 aVII,665p 2ddccBK c1120d1120 00102ddc4070a001b001d2023-06-12l0o352.4908 KENp100001560r2023-06-12w2023-06-12yBK